000 00849nam a2200253 i 4500
003 DO-SdBNP
005 20230818081524.0
006 a||||gr|||| 00| 0
007 ta
008 230817e1948 rd aoc|| |||| 00| 0 spa d
040 _aDO-SdBNP
_bspa
_cBNPHU
_erda
082 4 _222
_bS333a
_a1948
100 1 _aSchiffino, José
_922056
_eautor
245 _aEl amor al árbol. /
_cJosé Schiffino
250 _a2a. edición
264 _aCiudad Trujillo, República Dominicana :
_bSanchez Andújay,
_c1948
300 _a24 páginas :
_bIlustraciones, fotografías, mapas ;
_c23 cm.
336 _2rdaconten
_atexto
_btxt
337 _2rdamedia
_asin mediación
_bn
338 _2rdacarrier
_avolumen
_bnc
500 _a(Dedicado a las escuelas y a los clubes agrícolas de la República Dominicana).
590 _aInventariado 2023 / MF
942 _2ddc
_cLF2
999 _c54465
_d54465